| 000 | 00680nam a2200253Ia 4500 | ||
|---|---|---|---|
| 003 | OSt | ||
| 005 | 20220924114547.0 | ||
| 006 | a|||||r|||| 00| 0 | ||
| 007 | ta | ||
| 008 | 220923b |||||||| |||| 00| 0 ara d | ||
| 024 | _a341204 | ||
| 037 | _cTextual | ||
| 040 |
_aARTS _cARTS _bara |
||
| 041 |
_2ara _aara |
||
| 082 | _aP28:3, E4 | ||
| 100 |
_aHafner August Au. _9174252 |
||
| 245 | 0 | _aAl-bulghat fi shuzur al-lughat | |
| 260 |
_aBeirut _bMatba-al-kaso Lebanon _c1914 |
||
| 300 |
_a175p. _ccm. |
||
| 650 | _a LINGUISTICS | ||
| 650 |
_aARABIC LANGUAGE _931794 |
||
| 942 |
_hP28:3, E4 _cTEXL _2CC |
||
| 999 |
_c394203 _d394203 |
||